|
|
|
|
| LEADER |
00000nam0a2200000 4500 |
| 001 |
332119 |
| 005 |
20231102004426.0 |
| 035 |
|
|
|a (RuTPU)RU\TPU\book\358018
|
| 035 |
|
|
|a RU\TPU\book\266517
|
| 090 |
|
|
|a 332119
|
| 100 |
|
|
|a 20170516d1886 k y0rusy50 ca
|
| 101 |
0 |
|
|a rus
|
| 102 |
|
|
|a RU
|
| 105 |
|
|
|a y z 001zy
|
| 200 |
1 |
|
|a Туркестан. Геологическое и орографическое описание по данным, собранным во время путешествий с 1874 г. по 1880 г. Т. 1
|e в 2-х частях
|f И. В. Мушкетов
|
| 210 |
|
|
|a Санкт-Петербург
|c Типография М. М. Стасюлевича
|d 1886
|
| 215 |
|
|
|a XXVI, [2], 742 с.
|c с приложением общей геологической карты Туркестанского бассейна,42 гравюр в тексте, двух литографированных таблиц и одной хромолитографии
|
| 300 |
|
|
|a Прижизненное издание
|
| 300 |
|
|
|a Текст в русской дореформенной орфографии
|
| 316 |
|
|
|5 63413507: 18//53
|a На переднем форзаце дарственная надпись: "Его Превосходительству Николаю Александровичу Кулибину от автора"
|
| 316 |
|
|
|5 63413507: 18//53
|a На обложке владельческий экслибрис С. Н. Кулибина
|
| 316 |
|
|
|5 63413507: 18//53
|a На переднем форзаце владельческий штамп библиотеки ТТИ
|
| 317 |
|
|
|5 63413507: 18//53
|a Поступила в НТБ в 1900 г. в составе книжного собрания С. Н. Кулибина
|
| 511 |
0 |
|
|a Туркестан
|
| 606 |
1 |
|
|a Средняя Азия
|2 stltpush
|3 (RuTPU)RU\TPU\subj\72175
|
| 610 |
1 |
|
|a Туркестан
|
| 610 |
1 |
|
|a путешествия
|
| 610 |
1 |
|
|a геологическое описание
|
| 610 |
1 |
|
|a орография
|
| 610 |
1 |
|
|a 19 век
|
| 610 |
1 |
|
|a исследования
|
| 610 |
1 |
|
|a геологическое описание
|
| 610 |
1 |
|
|a Аральский бассейн
|
| 610 |
1 |
|
|a Тянь-Шань
|
| 610 |
1 |
|
|a Кульджи
|
| 610 |
1 |
|
|a Семиречье
|
| 610 |
1 |
|
|a Памир
|
| 610 |
1 |
|
|a Памиро-Алайская зона
|
| 610 |
1 |
|
|a библиотека С. Н. Кулибина
|
| 610 |
1 |
|
|a дарственные надписи
|
| 610 |
1 |
|
|a дары автора
|
| 675 |
|
|
|a 55
|v 3
|
| 700 |
|
1 |
|a Мушкетов
|b И. В.
|c российский геолог
|c исследователь Средней Азии
|f 1850-1902
|g Иван Васильевич
|2 stltpush
|3 (RuTPU)RU\TPU\pers\15011
|9 5113
|
| 801 |
|
1 |
|a RU
|b 63413507
|c 20131105
|
| 801 |
|
2 |
|a RU
|b 63413507
|c 20200109
|g RCR
|
| 942 |
|
|
|c BK
|